| 000 | 00550cam a2200145 4500500 | ||
|---|---|---|---|
| 005 | 20260208010153.0 | ||
| 041 | _afre | ||
| 042 | _adc | ||
| 100 | 1 | 0 |
_aLe Meur, Cyril _eauthor |
| 245 | 0 | 0 | _aDicquemare et le mouvement académique : un malebranchisme populaire au XVIIIe siècle |
| 260 | _c2014. | ||
| 500 | _a59 | ||
| 786 | 0 | _nRevue d'histoire littéraire de la France | 114 | 4 | 2014-12-01 | p. 797-806 | 0035-2411 | |
| 856 | 4 | 1 | _uhttps://shs.cairn.info/revue-d-histoire-litteraire-de-la-france-2014-4-page-797?lang=fr&redirect-ssocas=7080 |
| 999 |
_c1655415 _d1655415 |
||